Visualizzazione normale
Vista MARC
- White C.
di Personal Name
Records bibliografici associati: 1
001 - CONTROL NUMBER
- control field: 23615
003 - CONTROL NUMBER IDENTIFIER
- control field: IT-RoPau
005 - DATE AND TIME OF LATEST TRANSACTION
- control field: 20140503100732.0
008 - FIXED-LENGTH DATA ELEMENTS
- fixed length control field: 140503|| aca||aabn | a|a d
040 ## - CATALOGING SOURCE
- Original cataloging agency: IT-RoPau
- Transcribing agency: IT-RoPau
100 ## - HEADING--PERSONAL NAME
- Personal name: White C.
- Dates associated with a name: Codice autore SPICS: 23013
- Relator term: Autore
- Name of part/section of a work: Surfin' Bird
670 ## - SOURCE DATA FOUND
- Source citation: Work cat.: (IT-RoPau)100710: Mead Abigail 23601, Full Metal Jacket (Original Motion Picture Soundtrack)